<Die> Innovation im Wettbewerb. Werden bestimmte Innovationen häufiger imitiert als andere?
Problém imitácií technologických noviniek v konkurencii. Vzťah vlastnosti inovovaného produktu a frekvencie jeho imitácií. Výskum v 88 podnikoch strojárstva a elektrotechniky. Analýza vzťahovej štruktúry inovačného projektu. Klasterová analýza a jej výsledky. Vzťah druhu inovácie a skutočnosti inová...
Gespeichert in:
| 1. Verfasser: | |
|---|---|
| Format: | Buchkapitel |
| Sprache: | Deutsch |
| Schlagworte: | |
| Tags: |
Keine Tags, Fügen Sie das erste Tag hinzu!
|
MARC
| LEADER | 00000naa a2200000 4500 | ||
|---|---|---|---|
| 001 | r010685 | ||
| 005 | 20221130113349.5 | ||
| 041 | 0 | |a ger | |
| 044 | |a DE | ||
| 245 | 1 | 0 | |a <Die> Innovation im Wettbewerb. |b Werden bestimmte Innovationen häufiger imitiert als andere? |c G. Schewe |
| 520 | |a Problém imitácií technologických noviniek v konkurencii. Vzťah vlastnosti inovovaného produktu a frekvencie jeho imitácií. Výskum v 88 podnikoch strojárstva a elektrotechniky. Analýza vzťahovej štruktúry inovačného projektu. Klasterová analýza a jej výsledky. Vzťah druhu inovácie a skutočnosti inovácie. Závery pre manažment technológie. | ||
| 610 | 2 | 0 | |a inovácia |
| 610 | 2 | 0 | |a technológie nové |
| 610 | 2 | 0 | |a konkurencia |
| 610 | 2 | 0 | |a odbyt |
| 610 | 2 | 0 | |a analýza faktorová |
| 610 | 2 | 0 | |a analýza zhluková |
| 100 | 1 | |a Schewe, G. | |